<?xml version="1.0" encoding="UTF-8"?>
<record
    xmlns:xsi="http://www.w3.org/2001/XMLSchema-instance"
    xsi:schemaLocation="http://www.loc.gov/MARC21/slim http://www.loc.gov/standards/marcxml/schema/MARC21slim.xsd"
    xmlns="http://www.loc.gov/MARC21/slim">

  <leader>01586nas a2200277Ia 4500</leader>
  <controlfield tag="001">R262-R5036</controlfield>
  <controlfield tag="003">IT-CnALBA</controlfield>
  <controlfield tag="008">170116c99999999xx ||||||||||||   ||und||</controlfield>
  <datafield tag="040" ind1=" " ind2=" ">
    <subfield code="a">IT-CnALBA</subfield>
    <subfield code="c">IT-CnALBA</subfield>
  </datafield>
  <datafield tag="041" ind1=" " ind2=" ">
    <subfield code="a">ITALIANO</subfield>
  </datafield>
  <datafield tag="100" ind1=" " ind2=" ">
    <subfield code="a">MELLA ARBORIO FEDERICO</subfield>
  </datafield>
  <datafield tag="210" ind1=" " ind2=" ">
    <subfield code="a">JESUS</subfield>
  </datafield>
  <datafield tag="222" ind1=" " ind2=" ">
    <subfield code="a">JESUS</subfield>
  </datafield>
  <datafield tag="245" ind1=" " ind2="0">
    <subfield code="a">JESUS. STORIA DEL POPOLO DI DIO. VOL. VI. </subfield>
  </datafield>
  <datafield tag="250" ind1=" " ind2=" ">
    <subfield code="a">1a ed.</subfield>
  </datafield>
  <datafield tag="260" ind1=" " ind2=" ">
    <subfield code="a">TORINO</subfield>
    <subfield code="b">SAIE EDITRICE </subfield>
    <subfield code="c">1982 [1&#xB0; Ed.:1982 - Ed.Ling.Originale: 1982]</subfield>
  </datafield>
  <datafield tag="300" ind1=" " ind2=" ">
    <subfield code="a">384 p. (prefazione: 23)</subfield>
  </datafield>
  <datafield tag="310" ind1=" " ind2=" ">
    <subfield code="a">MENSILE</subfield>
  </datafield>
  <datafield tag="362" ind1=" " ind2=" ">
    <subfield code="a">Fascicolo: 1-12 /  (1982)</subfield>
  </datafield>
  <datafield tag="500" ind1=" " ind2=" ">
    <subfield code="a">BORI P. C. BORRMANS M. BOSCHI B. MANINI C. D. CAPELLO E. CASTELLINO G. CIGOGNINI M. CONIO C. MAPPA DELLA STORIA NELLA BIBBIA. CREAZIONE. IL PECCATO. LA FUGA DI CAINO. ELEZIONE DI ABRAMO. LIBERAZIONE DALL'EGITTO. LA LEGGE DEL SINAI. IL POPOLO NEL DESERTO PER XL ANNI. MORTE DI MOS&#xC8;. TERRA PROMESSA. PACE SU ISRAELE. I GIUDICI GIOSU&#xC8;. DEBORA. GEDEONE. SANSONE. SAMUELE GIUDICE E PROFETA. </subfield>
  </datafield>
  <datafield tag="501" ind1=" " ind2=" ">
    <subfield code="a">Societ&#xE0; San Paolo EM - Piazza San Paolo, 14 - 12051 ALBA (CN)  (non commercial uses only) &#xAE; Copyright 2017</subfield>
  </datafield>
  <datafield tag="520" ind1=" " ind2=" ">
    <subfield code="a">BORI P. C. BORRMANS M. BOSCHI B. MANINI C. D. CAPELLO E. CASTELLINO G. CIGOGNINI M. CONIO C. MAPPA DELLA STORIA NELLA BIBBIA. CREAZIONE. IL PECCATO. LA FUGA DI CAINO. ELEZIONE DI ABRAMO. LIBERAZIONE DALL'EGITTO. LA LEGGE DEL SINAI. IL POPOLO NEL DESERTO PER XL ANNI. MORTE DI MOS&#xC8;. TERRA PROMESSA. PACE SU ISRAELE. I GIUDICI GIOSU&#xC8;. DEBORA. GEDEONE. SANSONE. SAMUELE GIUDICE E PROFETA. </subfield>
  </datafield>
  <datafield tag="650" ind1=" " ind2=" ">
    <subfield code="a">SCIENZE UMANE E RELIGIOSE</subfield>
  </datafield>
  <datafield tag="942" ind1=" " ind2=" ">
    <subfield code="c">CR</subfield>
  </datafield>
  <datafield tag="957" ind1=" " ind2=" ">
    <subfield code="7">1</subfield>
  </datafield>
  <datafield tag="999" ind1=" " ind2=" ">
    <subfield code="a">47519</subfield>
    <subfield code="b">NO</subfield>
    <subfield code="g">1</subfield>
    <subfield code="c">323479</subfield>
    <subfield code="d">323479</subfield>
  </datafield>
  <datafield tag="952" ind1=" " ind2=" ">
    <subfield code="0">0</subfield>
    <subfield code="1">0</subfield>
    <subfield code="4">0</subfield>
    <subfield code="6">R_262R5036</subfield>
    <subfield code="7">1</subfield>
    <subfield code="a">ALBA</subfield>
    <subfield code="b">ALBA</subfield>
    <subfield code="d">2017-01-16</subfield>
    <subfield code="l">0</subfield>
    <subfield code="o">R262-R5036</subfield>
    <subfield code="r">2017-01-16 00:00:00</subfield>
    <subfield code="w">2017-01-16</subfield>
    <subfield code="y">CR</subfield>
    <subfield code="z">(data import: 16 gennaio 2017) - By Epidotti, Vaglietti. </subfield>
  </datafield>
</record>
